| 000 | 00836nam a2200265Ia 4500 | ||
|---|---|---|---|
| 003 | OSt | ||
| 005 | 20220928103233.0 | ||
| 006 | a|||||r|||| 00| 0 | ||
| 007 | ta | ||
| 008 | 220927b |||||||| |||| 00| 0 hin d | ||
| 020 | _cINR 1795.00 | ||
| 024 | _a144481 | ||
| 037 |
_bBR10132, 13/03/2021, Rajkamal Prakashan Pvt.Ltd. _cTextual |
||
| 040 |
_aSDCL _cSDCL _bhin |
||
| 041 |
_2hin _ahin |
||
| 082 | _aO152,6N37x, Q9 | ||
| 100 |
_aGandhi Ramchandra _9393322 |
||
| 245 | 0 |
_aSvaraj _b Tathav mehta ki kriti |
|
| 260 |
_aNew Delhi _bRajkamal Prakashan _c2019 |
||
| 300 |
_a205p. _ccm. |
||
| 650 |
_aHindi _9391598 |
||
| 700 |
_a Soni Madan Tr. _9403017 |
||
| 942 |
_hO152,6N37x, Q9 _cTEXL _2CC |
||
| 999 |
_c718819 _d718819 |
||